000 00406nam a2200145 a 4500
020 _a2710900912 :
040 _cDLC
082 0 0 _a526 TEC 1980 A084 Or.
100 1 _aBrabant, Michel.
245 1 0 _aTopométrie opérationnelle /
260 _aParis :
_bTechnique & vulgarisation,
_c1980.
300 _a377 p., [1] folded leaf of plates :
_bill. (some col.) ;
_c25 cm.
650 0 _aSurveying.
942 _cEK
999 _c16156
_d16156